| 000 | 01785nam a2200385Ia 4500 | ||
|---|---|---|---|
| 001 | dia_3779 | ||
| 003 | CHAP | ||
| 005 | 20240830133001.0 | ||
| 007 | ta | ||
| 008 | 220117s2006 mx ad f 001 0 spa d | ||
| 040 |
_amxchpua _cCHAP |
||
| 090 |
_aT.C.419 _bP47 SAI _c2006 |
||
| 245 | 1 | 0 |
_aSistema caña de azúcar el la región de Pujiltic, Chiapas / _ccoordinadores Artemio Pérez López y Marco Favio Ramírez Sepúlveda ; colaboradores Ramón Carrillo Durante...[et al.] |
| 260 |
_aMéxico : _bEl autor, _c2006 |
||
| 300 |
_a74 hojas: _bilustraciones, gráficas, diagramas |
||
| 336 |
_2rdacontent _atexto _btxt |
||
| 337 |
_2rdamedia _asin medio _bn |
||
| 338 |
_2rdacarrier _avolumen _bnc |
||
| 500 | _aGrado: 6° año Grupo: 01 | ||
| 502 |
_aViaje de Estudios _b(SAI) -- _cUACh. Departamento de Ingeniería Agroindustrial, _d2006 |
||
| 505 | _aEmpresas visitadas: -- 1.Secretaría de Agricultura, Ganadería, Desarrollo Rural, Pesca y Alimentación -- 2.Confederación Nacional de Productores Rurales -- 3.Delegación de Cañeros del Ingenio PUJILTIC -- 4.Confederación Nacional Campesina -- 5.Laboratorio de campo del ingenio PUJILIC -- 6.Laboratorio CREOBIP -- 7.Cia. Azucarera la FE, S. A. de C. V. | ||
| 650 | 1 | 3 | _aCaña de Azúcar |
| 650 | 1 | 0 |
_aIndustria azucarera _zMéxico _zChiapas _9155327 |
| 650 | 1 | 0 |
_aSugarcane _9152878 |
| 650 | 1 | 0 |
_aSugar industry _zMexico _zChiapas _9155328 |
| 700 | 1 |
_aPérez López, Artemio _9149931 _ecoordinador |
|
| 700 | 1 |
_aRamírez Sepúlveda, Marco Favio _9150304 _ecoordinador |
|
| 700 | 1 |
_aCarrillo Durante, Ramón _919471 _ecolaborador |
|
| 901 | _aT.C.419 P47 SAI 2006 | ||
| 902 | _aM | ||
| 905 | _a5232272006 mx mn 8223123322spa16 | ||
| 942 | _2local | ||
| 942 | _cVE | ||
| 999 |
_c174371 _d174371 |
||